000 00690nam a22002417a 4500
003 SEM
999 _c72234
_d72234
005 20220608074949.0
008 220208s1996 uk ||||gr|||||00| 0 eng|d
020 _a0704404060
040 _aSEM
_cSEM
041 _aeng
080 _a809.245/E-13
100 _aEaton J. H.
245 _aFirst studies in biblical hebrew /
_cJ. H. Eaton
250 _aReprinted
260 _aBirmingham :
_bThe University of Birmingham,
_bSheffield academic press,
_bDepartment of theology,
_c1996.
300 _aVIII+143 p. ;
_c28 cm
490 _aUniversity semitic study aids
650 _aHebrew
653 _aՍԷՄ
830 _aUniversity semitic study aids
942 _2udc
_cBK